000
00248nam a22001217a 4500
008
180104b xxu||||| |||| 00| 0 eng d
041
_a
eng
080
_a
7
100
_a
44
101
_a
ART
245
_a
FLOORS CASTLE
_c
INNES,H
942
_2
udc
_c
BK
999
_c
39670
_d
39670